<?xml version="1.0" encoding="UTF-8"?>
<collection xmlns="http://www.loc.gov/MARC21/slim">
  <record>
    <leader>00000nam  2200000   4500</leader>
    <controlfield tag="001">INLIS000000000003234</controlfield>
    <controlfield tag="005">20190723101216</controlfield>
    <datafield tag="035" ind1="#" ind2="#">
      <subfield code="a">0010-0718003234</subfield>
    </datafield>
    <controlfield tag="008">190723################g##########0#ind##</controlfield>
    <datafield tag="041" ind1=" " ind2=" ">
      <subfield code="a">id</subfield>
    </datafield>
    <datafield tag="082" ind1="#" ind2="#">
      <subfield code="a">190</subfield>
    </datafield>
    <datafield tag="090" ind1=" " ind2=" ">
      <subfield code="a">190 Car j</subfield>
    </datafield>
    <datafield tag="100" ind1=" " ind2="#">
      <subfield code="a">Carlson, Richard</subfield>
    </datafield>
    <datafield tag="245" ind1="1" ind2="#">
      <subfield code="a">Jangan Membuat Masalah Kecil Menjadi Masalah Besar: Cara Mudah Mencegah Masalah Kecil Mengganggu Hidup Anda /</subfield>
      <subfield code="c">Richard Carlson</subfield>
    </datafield>
    <datafield tag="250" ind1="#" ind2="#">
      <subfield code="a">Ed. 1, Cet. 6</subfield>
    </datafield>
    <datafield tag="260" ind1="#" ind2="#">
      <subfield code="a">Jakarta :</subfield>
      <subfield code="b">PT Gramedia Pustaka Utama,</subfield>
      <subfield code="c">2002</subfield>
    </datafield>
    <datafield tag="300" ind1="#" ind2="#">
      <subfield code="a">xiv, 232 hlm. ;</subfield>
      <subfield code="c">18cm</subfield>
    </datafield>
    <datafield tag="650" ind1=" " ind2="#">
      <subfield code="a">Masalah Kecil</subfield>
    </datafield>
    <datafield tag="084" ind1="#" ind2="#">
      <subfield code="a">190 Car j</subfield>
    </datafield>
    <datafield tag="520" ind1="#" ind2="#">
      <subfield code="a">Banyak hal dalam hidup ini yang sebenarnya hanya masalah kecil namun kita memandangnya  sebagai masalah besar. Sebenarnya dengan membentuk persepsi baru bahwa masalah-msalah tersebut memang kecil, kita akan mempunyai lebih banyak waktu untuk memikirkan hal-hal yang memang masalah besar. dengan gaya tulisan yang mudah dipahami, buku ini menyajikan cara-cara bagaimana membentuk perspektif yang lebih positif tersebut, dan Anda pun akan belajar untuk berdamai dengan diri sendiri dan belajar untuk lebih peduli. Dengan demikian, hidup kita akan lebih terfokus dan terkonsentrasi pada masa sekarang, hubungan kita dengan orang lain akan lebih baik, dan batin kita akan lebih tenang.</subfield>
    </datafield>
    <datafield tag="856" ind1="#" ind2="#">
      <subfield code="a">Perpustakaan Lembaga Administrasi Negara</subfield>
    </datafield>
    <datafield tag="020" ind1="#" ind2="#">
      <subfield code="a">9796059533</subfield>
    </datafield>
    <datafield tag="990" ind1="#" ind2="#">
      <subfield code="a">02096066</subfield>
    </datafield>
    <datafield tag="990" ind1="#" ind2="#">
      <subfield code="a">02096067</subfield>
    </datafield>
    <datafield tag="990" ind1="#" ind2="#">
      <subfield code="a">02096068</subfield>
    </datafield>
  </record>
</collection>
